Analýza príjmov v SR pri použití kvantilových metód diplomová práca

Saved in:
Bibliographic Details
Main Author: Jagelková, Lenka
Corporate Author: Fakulta hospodárskej informatiky EU. Katedra štatistiky
Other Authors: Sipková, Ľubica, 1962-
Format: Book
Language:Slovak
Published: Bratislava 2008
Tags: Add Tag
No Tags, Be the first to tag this record!

MARC

LEADER 00000nam$a2200000$$$4500
001 0077139
005 20240201114815.1
041 0 |a slo 
044 |a SK 
245 1 0 |a Analýza príjmov v SR pri použití kvantilových metód  |b diplomová práca  |c Lenka Jagelková ; škol. Ľubica Sipková 
264 1 |a Bratislava  |c 2008 
300 |a 79 s. 
100 1 |a Jagelková, Lenka 
700 1 |a Sipková, Ľubica, 1962- 
710 2 |a Fakulta hospodárskej informatiky EU. Katedra štatistiky